| 000 | 00622nam a2200229Ia 4500 | ||
|---|---|---|---|
| 003 | OSt | ||
| 005 | 20221007072215.0 | ||
| 006 | a|||||r|||| 00| 0 | ||
| 007 | ta | ||
| 008 | 221006b |||||||| |||| 00| 0 eng d | ||
| 024 | _a16,637 | ||
| 037 | _cTextual | ||
| 040 |
_aFLL _cFLL _beng |
||
| 041 |
_2eng _aeng |
||
| 082 | _aY1:45:5Z, L1 | ||
| 100 |
_aJeffery C.Ray Au. _9690266 |
||
| 245 | 0 | _aCrime prevention through environmental design | |
| 260 |
_aLondon _bSAGE Pub. England _c1971 |
||
| 300 |
_a290p _ccm. |
||
| 942 |
_hY1:45:5Z, L1 _cTEXL _2CC |
||
| 999 |
_c1145442 _d1145442 |
||